Zpracování průmyslových odpadů obsahujících bílkoviny = Treatment of industrial protein by-products : teze habilitační práce /

Hlavní autor: Mokrejš, Pavel, 1974-
Korporativní autor: Univerzita Tomáše Bati ve Zlíně. Technologická fakulta
Jazyk: Čeština
Vydáno: Zlín : Univerzita Tomáše Bati ve Zlíně, 2008
Edice: Teze habilitační práce
Témata:
Fyzický popis: 32 s. : il. ; 21 cm
Language note: Anglické resumé
Knihy
Uloženo v:
LEADER 02292nam a2200589 a 4500
001 nkc20081809830
003 CZ PrNK
005 20080918101032.0
007 ta
008 080707s2008 xr a f m 000 0 cze
015 |a cnb001809830 
020 |a 978-80-7318-711-8  |q (brož.) 
035 |a (OCoLC)244816268 
040 |a ABA001  |b cze 
041 0 |a cze  |b eng 
072 7 |a 628  |x Sanitární technika. Vodárenství. Odpadové hospodářství. Světelná technika  |2 Konspekt  |9 19 
080 |a 628.4:675.023/.024  |2 MRF 
080 |a 637.5+664.91/.95  |2 MRF 
080 |a 628.3/.5  |2 MRF 
080 |a 628.477.6  |2 MRF 
080 |a (043.5)  |2 MRF 
080 |a (048.3)  |2 MRF 
100 1 |a Mokrejš, Pavel,  |d 1974-  |7 jx20080326015  |4 dis 
245 1 0 |a Zpracování průmyslových odpadů obsahujících bílkoviny =  |b Treatment of industrial protein by-products : teze habilitační práce /  |c Pavel Mokrejš 
246 3 1 |a Treatment of industrial protein by-products 
260 |a Zlín :  |b Univerzita Tomáše Bati ve Zlíně,  |c 2008 
300 |a 32 s. :  |b il. ;  |c 21 cm 
490 1 |a Teze habilitační práce 
500 |a Obor: Technologie makromolekulárních látek 
500 |a 60 výt. 
502 |a Teze habilitační práce--Univerzita Tomáše Bati ve Zlíně, Fakulta technologická, 2008 
504 |a Obsahuje bibliografii 
546 |a Anglické resumé 
650 0 7 |a koželužský odpad  |7 ph344075  |2 czenas 
650 0 7 |a masný průmysl  |7 ph122656  |2 czenas 
650 0 7 |a odpadové hospodářství  |7 ph115563  |2 czenas 
650 0 7 |a recyklace odpadu  |7 ph125049  |2 czenas 
650 0 9 |a tanning waste  |2 eczenas 
650 0 9 |a meat industry  |2 eczenas 
650 0 9 |a waste management  |2 eczenas 
650 0 9 |a waste recycling  |2 eczenas 
655 7 |a habilitační práce  |7 fd185153  |2 czenas 
655 7 |a teze  |7 fd133701  |2 czenas 
655 9 |a habilitation theses  |2 eczenas 
655 9 |a abstracts  |2 eczenas 
710 2 |a Univerzita Tomáše Bati ve Zlíně.  |b Technologická fakulta  |7 kn20010709223 
810 2 |a Univerzita Tomáše Bati ve Zlíně.  |t Teze habilitační práce  |0 s 
910 2 |a BOA001  |b 2-1207.776 
990 |a BK 
995 |a 01 
991 |b 200807  |c NOV 
996 6 |b 2610347112  |c 2-1207.776  |l MZK  |r Sklad / do 1 hodiny  |n 2  |p p.v.  |w 001067061  |u 000010  |a 1  |e BOA001  |j MZK50  |s P